Statistics for Queen songs by synonym

Click here to take the quiz!

General Stats

  • This quiz has been taken 833 times
  • The average score is 9 of 12

Answer Stats

SynonymSong% Correct
We are the winnersWe are the champions
98%
Don't pause me at this momentDon't stop me now
96%
One more person chews the dirtAnother one bites the dust
95%
Someone to care forSomebody to love
92%
The spectacle has to continueThe show must go on
89%
Rescue meSave me
86%
Beneath stressUnder pressure
85%
Insane mini thing adressed affectionCrazy little thing called love
82%
A sort of illusionA kind of magic
70%
The imperceptible maleThe invisible man
58%
The marvelThe miracle
33%
Perform the pastimePlay the game
28%

Score Distribution

Percentile by Number Answered

Percent of People with Each Score

Your Score History

You have not taken this quiz